Movies Quiz

Random Movies or Decade Quiz

Five Decade Movie Medley Quiz Stats

Quiz Updated Oct 18, 2017

Challenge
Share
Tweet
Score 0/25 Timer 07:00
3 Plays Today
Hint Answer % Correct
1950s MusicalsSingin' in the Rain
95.3%
Saving Private Ryan
94.8%
1990s Tom HanksForrest Gump
92.8%
Dracula
92.5%
Apollo 13
92%
1930s Universal HorrorFrankenstein
87.6%
A League of Their Own
84.1%
The Green Mile
83.2%
2000s RemakesOcean's Eleven
81.3%
The Mummy
81%
Freaky Friday
79.3%
Jailhouse Rock
74%
The Bride of Frankenstein
72%
Hint Answer % Correct
The Ring
69%
The Nutty Professor
58.5%
The Invisible Man
57.4%
Oklahoma!
56.7%
Barbarella
54.2%
Rollerball
47.5%
King Kong vs. Godzilla
46.4%
Mr. Deeds
43.7%
1960s Sci-Fi2001: A Space Odyssey
42.8%
Guys and Dolls
30.9%
Gigi
20.2%
Fahrenheit 451
17.5%

You're not logged in!

Compare scores with friends on all Sporcle quizzes.
Join for Free
OR
Log In

You Might Also Like...

Show Comments

Extras

Top Quizzes Today


Score Distribution

Your Account Isn't Verified!

In order to create a playlist on Sporcle, you need to verify the email address you used during registration. Go to your Sporcle Settings to finish the process.

Report this User

Report this user for behavior that violates our Community Guidelines.

Details: